Transfers Winter 2025/26 - Statistics

General Stats
  • This quiz has been taken 54 times
    22 since last reset
  • The average score is 16 of 22
Answer Stats
From To Money Answer % Correct
AFC Bournemouth Manchester City 72 Million Antoine Semenyo
100%
Real Madrid Olympique Lyon Loan Endrick
100%
Atalanta Atletico Madrid 35 Million Ademola Lookman
94%
Atletico Madrid Tottenham Hotspur 40 Million Conor Gallagher
89%
Atletico Madrid Inter Miami 15 Million Rodrigo De Paul
89%
Al Ittihad Al Hilal 25 Million Karim Benzema
83%
Crystal Palace Manchester City 23 Million Marc Guehi
83%
Manchester City Fulham 31 Million Oscar Bobb
83%
Aston Villa AS Roma Loan Donyell Malen
78%
Al-Hilal Barcelona Loan Joao Cancelo
78%
West Ham United Flamengo 42 Million Lucas Paqueta
78%
Barcelona Girona Loan Marc-Andre Ter Stegen
78%
SS Lazio Fenerbahce 28 Million Matteo Guendouzi
78%
Tottenham Hotspur Crystal Palace 40 Million Brennan Johnson
72%
Wolverhampton Crystal Palace 50 Million Jorgen Strand Larsen
72%
Arsenal Olympique Marseille Loan Ethan Nwaneri
67%
SS Lazio West Ham United 29 Million Valentin Castellanos
67%
Ajax SS Lazio 17 Million Kenneth Taylor
61%
Atletico Madrid Atalanta 22 Million Giacomo Raspadori
50%
Olympique Marseille AS Roma 22 Million Robinio Vaz
50%
Juventus Nottingham Forest 40 Million Lorenzo Lucca
33%
Manchester City Girona Loan Claudio Echeverri
22%
No matching quizzes found
Score Distribution
Percent of People with Each Score
Percentile by Number Answered
Your Score History
You have not taken this quiz since the last reset